000 00337cam a2200133ua 4500
003 OSt
008 250802b |||||||| |||| 00| 0 eng d
082 _a625.15
_bBEZ/EL
100 _aBezruchko, V .
_91768
245 _aElements of railway surveying /
260 _aMoscow :
_bPeace Publishers ,
_c1987.
300 _a206 ; .
942 _cBK
999 _c3274
_d3274